000 00574nam a2200217Ia 4500
999 _c354
_d354
003 OSt
005 20210119105426.0
008 151015s9999 xx 000 0 und d
020 _a9781405874243
040 _cMMU
_aMMU
_beng
_dMMU
050 _aHD 82 .T552 2009
100 _aTodaro Michael P.
245 _aEconomic Development
_cMichael P. Todaro
250 _a10th ed.
260 _aHarlow:
_bPearson education,
_c2009.
300 _a861 p. :
500 _aIncludes Index
650 _aEconomic development
700 _aStephen C Smith
942 _2lcc
_cLOAN LOAN